|
|
|
|
| LEADER |
02718nam a2200709 a 4500 |
| 001 |
nkc20132436276 |
| 003 |
CZ PrNK |
| 005 |
20251002093123.0 |
| 007 |
ta |
| 008 |
130114s2012 xr ac f 001 1dcze |
| 015 |
|
|
|a cnb002436276
|
| 020 |
|
|
|a 978-80-7330-226-9
|q (brož.)
|
| 035 |
|
|
|a (OCoLC)829662204
|
| 040 |
|
|
|a BOA001
|b cze
|d ABA001
|d OLA001
|
| 041 |
0 |
|
|a cze
|b eng
|
| 043 |
|
|
|a e-xr---
|
| 045 |
|
|
|a x-y-
|
| 072 |
|
7 |
|a 00
|x Věda. Všeobecnosti. Základy vědy a kultury. Vědecká práce
|2 Konspekt
|9 12
|
| 080 |
|
|
|a 001-051
|2 MRF
|
| 080 |
|
|
|a 001-055.2
|2 MRF
|
| 080 |
|
|
|a 001.8/.9
|2 MRF
|
| 080 |
|
|
|a 005.966
|2 MRF
|
| 080 |
|
|
|a 005.963.3
|2 MRF
|
| 080 |
|
|
|a (437.3)
|2 MRF
|
| 080 |
|
|
|a (047.53)
|2 MRF
|
| 080 |
|
|
|a (048.8)
|2 MRF
|
| 100 |
1 |
|
|a Vohlídalová, Marta,
|d 1981-
|7 mzk2008459021
|4 aut
|
| 245 |
1 |
0 |
|a Vědci a vědkyně v pohybu :
|b o akademické mobilitě /
|c Marta Vohlídalová, Alice Červinková
|
| 246 |
3 |
0 |
|a O akademické mobilitě
|
| 250 |
|
|
|a Vyd. 1.
|
| 260 |
|
|
|a Praha :
|b Sociologický ústav AV ČR,
|c 2012
|
| 300 |
|
|
|a 199 s. :
|b il., portréty ;
|c 20 cm
|
| 504 |
|
|
|a Obsahuje bibliografii a rejstřík
|
| 546 |
|
|
|a Anglické resumé
|
| 648 |
|
7 |
|a 20.-21. století
|7 ch462155
|2 czenas
|
| 650 |
0 |
7 |
|a vědci
|7 ph127356
|z Česko
|y 20.-21. století
|2 czenas
|
| 650 |
0 |
7 |
|a vědkyně
|7 ph395713
|z Česko
|y 20.-21. století
|2 czenas
|
| 650 |
0 |
7 |
|a vědci
|7 ph127356
|x partnerské a rodinné vztahy
|2 czenas
|
| 650 |
0 |
7 |
|a vědkyně
|7 ph395713
|x partnerské a rodinné vztahy
|2 czenas
|
| 650 |
0 |
7 |
|a vědecká práce
|7 ph127363
|z Česko
|y 20.-21. století
|2 czenas
|
| 650 |
0 |
7 |
|a rozvoj kariéry
|7 ph162910
|z Česko
|y 20.-21. století
|2 czenas
|
| 650 |
0 |
7 |
|a stáže
|7 ph220322
|2 czenas
|
| 650 |
0 |
7 |
|a akademická mobilita
|7 ph745712
|2 czenas
|
| 650 |
0 |
9 |
|a scientists
|z Czechia
|y 20th-21st centuries
|2 eczenas
|
| 650 |
0 |
9 |
|a women scientists
|z Czechia
|y 20th-21st centuries
|2 eczenas
|
| 650 |
0 |
9 |
|a scientists
|x partner and family relationships
|2 eczenas
|
| 650 |
0 |
9 |
|a women scientists
|x partner and family relationships
|2 eczenas
|
| 650 |
0 |
9 |
|a scientific work
|z Czechia
|y 20th-21st centuries
|2 eczenas
|
| 650 |
0 |
9 |
|a career development
|z Czechia
|y 20th-21st centuries
|2 eczenas
|
| 650 |
0 |
9 |
|a professional stays
|2 eczenas
|
| 650 |
0 |
9 |
|a academic mobility
|2 eczenas
|
| 655 |
|
7 |
|a rozhovory
|7 fd133303
|2 czenas
|
| 655 |
|
7 |
|a monografie
|7 fd132842
|2 czenas
|
| 655 |
|
9 |
|a interviews
|2 eczenas
|
| 655 |
|
9 |
|a monographs
|2 eczenas
|
| 700 |
1 |
|
|a Červinková, Alice
|7 xx0052333
|4 aut
|
| 910 |
2 |
|
|a BOA001
|b 1-1298.368
|
| 928 |
9 |
|
|a SOÚ
|
| 990 |
|
|
|a BK
|
| 995 |
|
|
|a 01
|
| 991 |
|
|
|b 201301
|c NOV
|e n
|
| 996 |
6 |
|
|b 2610534779
|c 1-1298.368
|l MZK
|r Sklad / do 1 hodiny
|n 2
|p p.v.
|w 001308475
|u 000010
|a 1
|e BOA001
|j MZK50
|s P
|